ბათუმის შოთა რუსთაველის სახელმწიფო უნივერსიტეტის ბიბლიოთეკა

Бетонные и железобетонные работы. (ბიბ.ჩანაწერი № 40462)

000 -LEADER
fixed length control field 00705nam a2200217Ia 4500
001 - CONTROL NUMBER
control field 7072
003 - CONTROL NUMBER IDENTIFIER
control field GE_BSU
008 - FIXED-LENGTH DATA ELEMENTS--GENERAL INFORMATION
fixed length control field 181216s||||||||xx |||||||||||||| ||und||
040 ## - CATALOGING SOURCE
Transcribing agency GE_BSU
080 ## - UNIVERSAL DECIMAL CLASSIFICATION NUMBER
Universal Decimal Classification number 693.54(035)
100 ## - MAIN ENTRY--PERSONAL NAME
Personal name Топчий,В.Д. Жадановский,Л.А. Широкова,Л.А. и др.
245 ## - TITLE STATEMENT
Title Бетонные и железобетонные работы.
245 ## - TITLE STATEMENT
Remainder of title Справочник строителя.
245 ## - TITLE STATEMENT
Statement of responsibility, etc. Под ред. В.Д.Топчия.
260 ## - PUBLICATION, DISTRIBUTION, ETC.
Place of publication, distribution, etc. М.
260 ## - PUBLICATION, DISTRIBUTION, ETC.
Name of publisher, distributor, etc. Стройиздат.
260 ## - PUBLICATION, DISTRIBUTION, ETC.
Date of publication, distribution, etc. 1980.
300 ## - PHYSICAL DESCRIPTION
Extent 200стр.20см.с илл.
653 ## - INDEX TERM--UNCONTROLLED
Uncontrolled term Бетонные и железобетонные работы.
942 ## - ADDED ENTRY ELEMENTS (KOHA)
Koha item type წიგნი
ეგზემპლარები
Withdrawn status Lost status Damaged status Not for loan Date acquired Barcode Date last seen Price effective from Koha item type
        2018-12-17 9803 2018-12-17 2018-12-17 წიგნი
        2018-12-17 9831 2018-12-17 2018-12-17 წიგნი